Gaming Quiz

Random Gaming Quiz
Score 0/15 Timer 15:00
0 Plays Today
IBBM IBBM % Correct
did he live in hawaii for 9 monthsyes
100%
did his girlfriend come back from spainno
100%
does he write for a magazineyes
100%
lover of locopopsyes
100%
where did he go to collegenc state
90%
what magazine does he write forindy
60%
girlfriends namelauren
50%
favorite studentj.p
50%
IBBM IBBM % Correct
whats he wearing right nowpurple chucks, glasses
30%
favorite mcdonalds treatapple pie
30%
where did he used to livefive points
20%
who was his teacher loverKP
20%
favorite bandratatat
20%
favorite type of pantsskinny
10%
favorite sweaterlacoste
10%
Remove Ads.
Support Sporcle.
Get the best of Sporcle when you Go Orange. This ad-free experience offers more features, more stats, and more fun while also helping to support Sporcle. Thank you for becoming a member.

You're not logged in!

Compare scores with friends on all Sporcle quizzes.
OR
Log In

Show Comments

Extras

Created Nov 12, 2010ReportNominate
Tags:lil, mama, Spencer

Top Quizzes Today


Score Distribution

Your Account Isn't Verified!

In order to create a playlist on Sporcle, you need to verify the email address you used during registration. Go to your Sporcle Settings to finish the process.

Report this User

Report this user for behavior that violates our Community Guidelines.

Details: